000
00326nam a22001457a 4500
008
211012b ||||| |||| 00| 0 eng d
020
_a
9780769848938
041
_a
eng
080
_2
6th
_a
343.9
082
_a
343.9
100
_a
16
101
_a
KRI
245
_a
Understanding Criminal Law
_c
Dressler,J
942
_2
udc
_c
BK
999
_c
58165
_d
58165